00654nam a22001937a 450000500170000001000150001702000260003203500140005803700090007208200090008110000250009024500460011526000360016127000820019730000200027994200200029999900190031995201220033820251114112637.0 aENG-147097 a9788119626434c595.00 aEN-130629 bDBAD aN21 aSarma, Shubha985645 aMrs Happily Single /cby Shubha Sarma  aNew Delhi bNiyogi Books c2025 aBlock D, Building No.77, Okhla Industrial Area, Phase -I,bNew Delhi e110020 a271p.c19cm(pb) 2ddccENmSARhN c213740d213740 001040708FICaMbMd2025-11-14eDBADg595.00l0oN SARpEN-130629r2025-11-14 00:00:00t1v595.00w2025-11-14yEN